MDQL
is popping MORE tags! Check the
thread
!
Quizzes
Events
Quiz Creation
Community
Videos
Private Events
Remove Ads
Sign In
Join for FREE
Feedback
Dark Mode
Quiz Categories
Sports
Geography
Music
Movies
Television
Just For Fun
Miscellaneous
History
Literature
Language
Science
Gaming
Entertainment
Religion
Holiday
For Kids
Quiz Lab
Recent
Popular Today
Quiz Kudos Today
Editor Picks
Curator Picks
Quizzes by...
Day
Popularity
Type
Ratings
Length
Year
Community
Subscriptions
Recent Discussions
Orange Saloon
Badges
Playlists
Quests
Create
Leaderboards
Showdown
Live 5
Trivia Bingo
Activity
Puzzle Library
Sporcle Events
Private Events
Virtual Trivia
Globe League
Become a Host
Pub Owners
SporcleCon
Opinionation
Our Games
Videos
Blog
Mobile Apps
Partnerships
Remove Ads and Go Orange
Feedback
Language
Vocabulary
Begins and Ends
Definition
Spanish
French
German
Italian
Chinese
Latin
Translation
Japanese
Language
Vocabulary
Begins and Ends
Definition
Spanish
French
German
Italian
Chinese
Latin
Translation
Japanese
Random Quiz
Search Sporcle
×
Quiz Lab
Quiz Lab
Language
Letter
Type in answers that appear in a list
Type in answers that appear in a list
Classic
Best Score? Go Orange.
Words From Previous 3 Letters Stats
Can you name the Words From the Previous 3 Letters?
By
18Alex18
10m
40 Questions
260 Plays
260 Plays
260 Plays
Comments
Comments
Give Quiz Kudos
Give Quiz Kudos
-
- Ratings
hide this ad
Replay
Link that replays current quiz
Next Quiz
Link to next quiz in quiz playlist
You Got
0%
They Got
Avg Score
71%
Avg Friend Score
Upgrade to see
Score Distribution
Jump to the score distribution portion of the page
Score
0/40
Timer
10:00
0
Plays Today
Hint
Word
% Correct
The principal organ of digestion
Stomach
90.8%
The home of mentally stimulating diversions
Sporcle
90.4%
An American R&B star or someone who shows people to their seats in a theatre
Usher
89.6%
The 2nd most populous nation in the world
India
88.8%
Jack Black film, Be Kind _
_
_
_
_
, or to wind back a cassette
Rewind
88.1%
Mentally sharp or bright
Clever
87.7%
A sauce containing crushed basil leaves, garlic, pine nuts and Parmesan cheese in olive oil
Pesto
87.3%
A two wheeled vehicle
Bicycle
86.9%
A golf tournament and a tennis tournament proceeded by US
Open
86.2%
Spanish term for devil or a Lamborghini model
Diablo
85.8%
Arguably the world's most famous waterfalls
Niagara
85.4%
A neighbour of Peter Griffin or home of the Browns
Cleveland
85.4%
The first name of Warhol, Lloyd-
Webber and Murray
Andrew
85.4%
Viral diseases causing eruptions of the skin or mucous membrane
Herpes
85%
A US State
Pennsylvania
84.6%
Software that is used to detect, delete and or neutralize computer-
based threats
Antivirus
84.2%
A language spoken primarily in the Middle East and North Africa
Arabic
84.2%
There are 26 in the Latin alphabet
Letter
84.2%
Canadian rock band who sung Spirit of Radio and Tom Sawyer or the alternative to a pass in NFL
Rush
82.7%
Accomplishing something or the reward system on Xbox
Achievement
78.8%
Hint
Word
% Correct
The home of the Leaning Tower of Pisa, Notre Dame and the Sistine Chapel
Europe
78.8%
Harry Potter's uncle or Jets' draft bust Gholston
Vernon
77.7%
The father of modern physics
Einstein
74.6%
A Schwarzenegger film, _
_
_
_
_
_
_
_
_
Cop, or an American pre-
school
Kindergarten
73.5%
Someone who organizes a business venture and assumes the risk for it
Entrepreneur
69.2%
High speed trains of Japan
Bullet
66.5%
Casually calm and relaxed
Nonchalant
65.4%
The city where Liverpool won the Champions League in 2005
Istanbul
62.7%
A single by UK band Blur or something which is sensitive
Tender
61.2%
Someone who performs the art of projecting ones voice
Ventriloquist
60.4%
A French waiter
Garçon
56.5%
A sour-
tasting condiment
Vinegar
56.5%
A fresh-
water tortoise.
Terrapin
52.7%
A tropical American plant bearing a large fleshy edible fruit
Pineapple
52.7%
An expression of approval and commendation or the 2nd studio album by MGMT
Congratulations!
38.8%
Home of football team PSV and a city in the south of the Netherlands
Eindhoven
38.1%
A character in a fairy tale of the same name that originated in Germany
Rumpelstiltskin
37.3%
The judicial capital of South Africa
Bloemfontein
36.5%
A guitar pick
Plectrum
30.4%
Surname of actress Emilie, who stars in Lost and 2010 film Remember Me [2 Words]
de Ravin
30.4%
Quiz Playlist
Details
Report
Send in Message
Add To Playlist
Classic:
Type in answers that appear in a list
Last Updated: Feb 16, 2017
Quiz Scoreboard
CHALLENGE
Sign Up to Join the Scoreboard
Show All
Scores
Hide
Comments
May contain spoilers
Recently Published
Find the 'City' Movie
by crazypaving
Movies
60s
5x2 Blitz: Bands
by SL_Kpop136
Music
30s
Colored Red Africa Blitz
by spor1
Geography
30s
More to Explore
Quiz From the Vault
Featured Blog Post
14 Easter Pick-up Lines to Find Eggs With
hide this ad
You Might Also Like...
Tags
Letter Quiz
last
Today's Top Quizzes in Language
Browse Language
hide this ad
Today's Top Quizzes in Letter
Browse Letter
Top Contributed Quizzes in Language
1
What Word Starts All?
2
Arabic Numerals
3
1-10 Letter F Words III
4
1-10 Letter G Words III
5
1-10 Letter H Words III
6
1-10 Letter I Words III
7
Latihan Huruf Hiragana KA KI KU KE KO
8
Weisst du, aus welchen Sprachen diese Wörter stammen?
9
1-10 Letter J Words III
10
1-10 Letter K Words III
Explore More
Trending Topics
NBA
Kpop
Crossword
Anime
Harry Potter
Disney
Marvel
Song
Soccer
The Office
Pokémon
Puzzle
Country
NFL
WWE
hide this ad
More By:
18Alex18
Quiz
Plays
Rating
Category
Featured
Created
Formula 1 Tracks Since 1950
95,618
4.37
Sports
Feb 22, 2010
The Office (UK) Trivia
4,582
4.07
Television
Mar 9, 2010
Motorsport World Champions
1,677
5.00
Sports
Mar 4, 2010
Ultimate Leicester City FC Trivia
680
5.00
Sports
Mar 9, 2010
24 Characters from Pictures
660
2.57
Television
Mar 9, 2010
Go to Creator's Profile
Score Distribution
Quiz Creator Spotlight
18Alex18
Follow
Send a Message
Quizzes Created
-
Created Quiz Play Count
-
More By This Creator
Popular Quizzes Today
1
Colored Red Africa Blitz
2
Find the 'City' Movie
3
Find the US States - No Outlines Minefield
4
5x2 Blitz: Bands
5
The Countries of the World
6
Find the US States
7
Find the Countries of Europe - No Outlines Minefield
8
US States
More Language Quizzes
Common Anime Terminology
Quiz Lab
Trending Quizzes
Colored Red Europe Blitz I
Colored Red Africa Blitz II
Colored Red Europe Blitz II
Colored Red Europe Blitz III
Colored Red Africa Blitz III
Recently Updated
How Do You Spell That?
pecheneg
Godzilla Movies
pecheneg
Grab Bag: 4-10 Letters
pecheneg
2024 March Madness Bracket
pecheneg
Famous TV Couples
Peacemaker
Champions League XIs: Real Madrid
pecheneg
Largest US Cities 1790-2010
pecheneg
Rides in Walt Disney World
pecheneg
Most Oscar Losses (Acting)
pecheneg
Beyoncé Albums
pecheneg
Trending Topics
Crossword
Disney
Marvel
Anime
Kpop
NBA
Harry Potter
Soccer
WWE
Song
The Office
Pokémon
Puzzle
Country
NFL
Your Account Isn't Verified!
In order to create a playlist on Sporcle, you need to verify the email address you used during registration. Go to your
Sporcle Settings
to finish the process.
Report this User
Report this user for behavior that violates our
Community Guidelines
.
Details:
Send Report
Go to the Sporcle.com Mobile Site →
Comments